| 000 | 00888nam a2200265 i 4500 | ||
|---|---|---|---|
| 003 | IT-RoINE | ||
| 005 | 20190507092447.0 | ||
| 008 | 160708s1992 sp ae |r|||| 001|||spa|d | ||
| 020 | _a8471004216 | ||
| 040 | _aIT-RoINE | ||
| 100 | 1 |
_910774 _aMorales Padrón, Francisco, _d1923-2010 |
|
| 245 | 1 | 0 |
_aAndalucía y América / _cFrancisco Morales Padrón. |
| 260 |
_aMadrid : _bMAPFRE, _c1992. |
||
| 300 |
_a317 p. ; _bil., planos ; _c23 cm. |
||
| 336 |
_2rdacontent _atext |
||
| 337 |
_2rdamedia _aunmediated |
||
| 338 |
_2rdacarrier _avolume |
||
| 490 | 1 |
_aColección las Españas y América ; _v3 |
|
| 500 | _aIncluye índices. | ||
| 504 | _aBibliografía: p. [277]-299. | ||
| 650 | 4 |
_929811 _aAndaluces _zAmérica Latina _xHistoria |
|
| 651 | 4 |
_aAmérica _xDescubrimiento y exploración españoles _925486 |
|
| 830 | 0 |
_959207 _aEspañas y América (MAPFRE) _v3 |
|
| 942 | _cMTS | ||
| 999 |
_c30206 _d30206 |
||